| 000 | 00836nam a2200241 4500 | ||
|---|---|---|---|
| 001 | 121669 | ||
| 003 | ES-MaACL | ||
| 005 | 20230906191810.0 | ||
| 007 | t| | ||
| 008 | 070214s1949 sp r ||||1| spa d | ||
| 100 | 0 |
_aPlatón. _992598 |
|
| 245 | 1 | 3 |
_aLa República / _cPlatón ; edición bilingüe, traducción, notas y estudio preliminar por José Manuel Pabón y Manuel Fernández Galiano. |
| 250 | _a1ª ed. | ||
| 260 |
_aMadrid : _bInstituto de Estudios Políticos, _c1949. |
||
| 300 |
_a3 t. ; _c23 cm. |
||
| 490 | 1 | _aClásicos políticos | |
| 700 | 1 |
_aPabón, José Manuel. _988100 |
|
| 700 | 1 |
_aFernández-Galiano, Manuel ( _d1918-1988) _9150962 |
|
| 710 | 2 |
_aInstituto de Estudios Políticos (Madrid) _94924 |
|
| 830 | 0 |
_aClásicos políticos _9180270 |
|
| 852 |
_aES-MaACL _jC-8883-85 _bR.36993 |
||
| 999 |
_c121669 _d121669 |
||